00429nam a2200157 a 450000500170000000800410001702000180005805000270007610000210010324500530012425000120017726000330018930000210022252100070024365000210025020140310183517.0110108s19uu xx 00 eng d a9780415998970 aPN 4784.F37b.G37 2010 aGarrisono, Bruce aProfessional feature writing /cBruce Garrisono. a5th ed. aNew York :bRotledge,c2010. a418 p. :c26 cm. aMC aFeature writing.